000 01175 a2200241 4500
005 20080827163244.0
008 080827t xxu||||| |||| 00| 0 hin d
010 _aHIN-83320
020 _c160.00
_a8189627104
035 _aHN-55666
037 _bपु.प्र.अ.प्र / प्रका
082 _a821
100 _aत्रिपाठी, रमेशकुमार
245 _aजीने के लिएः (कविता-संग्रह) /
_cरमेशकुमार त्रिपाठी
246 _aJeene ke liye
_bby Ramesh Kumar Tripathi
260 _aइलाहाबाद
_bआलोक प्रकाशन
_c2007
270 _a99ए/150, लूकरगंज
_bइलाहाबाद
_e211001
300 _a176पृ
_c22 सेमी (सजिल्द)
650 _aहिन्दी कविताएँ
650 _aHindi Poems
942 _adpl
_cHN
_k821 / त्रिपाठी
_2ddc
_h821
_mत्रिपाठी
999 _c12146
_d12146